000 00626nam a2200229Ia 4500
003 OSt
005 20220925232222.0
006 a|||||r|||| 00| 0
007 ta
008 220923b |||||||| |||| 00| 0 eng d
037 _cGeneral Book
040 _aRTL
_cRTL
_beng
041 _2eng
_aeng
082 _aU6:58:N3, J6
100 _aBaransky N N
_995484
245 0 _aEconomic geography of the USSR
260 _aMoscow
_bForeign Languages Publishing
_c1956
300 _a412p
_ccm.
650 _aEconomic Geography
942 _hU6:58:N3, J6
_cGB
_2CC
999 _c590707
_d590707